Central Library OPAC University of Rajshahi

The planetary equatorium of Jamshīd Ghiyāth al-Dīn al-Kāshī (d. 1429): an edition of the anonymous Persian manuscript 75 <44b> in the Garett Collection at Princeton University; (Record no. 8453)

MARC details
000 -LEADER
fixed length control field 01534cam a22003131 4500
001 - CONTROL NUMBER
control field 8453
003 - CONTROL NUMBER IDENTIFIER
rucl marc code BD-RjUL
005 - DATE AND TIME OF LATEST TRANSACTION
control field 20211208234606.0
008 - FIXED-LENGTH DATA ELEMENTS--GENERAL INFORMATION
fixed length control field 140118s1960 njua b 001 0 eng d
035 ## - SYSTEM CONTROL NUMBER
System control number (BD-RjUL)8498
System control number (OCoLC)323557
040 ## - CATALOGING SOURCE
Original cataloging agency DLC
Transcribing agency ODaWU
Modifying agency OCoLC
-- DLC
-- BD-RjUL
Language of cataloging eng
041 1# - LANGUAGE CODE
Language code of text/sound track or separate title engperara
051 ## - LIBRARY OF CONGRESS COPY, ISSUE, OFFPRINT STATEMENT
Classification number QB85
Item number .P5
082 ## - DEWEY DECIMAL CLASSIFICATION NUMBER
Classification number 522.68
Author mark and year PLA 1960
245 04 - TITLE STATEMENT
Title The planetary equatorium of Jamshīd Ghiyāth al-Dīn al-Kāshī (d. 1429): an edition of the anonymous Persian manuscript 75 <44b> in the Garett Collection at Princeton University;
Remainder of title being a description of two computing instruments, the plate of heavens and the plate of conjunctions.
Statement of responsibility, etc. With translation and commentary by E.S. Kennedy.
260 ## - PUBLICATION, DISTRIBUTION, ETC. (IMPRINT)
Place of publication, distribution, etc. Princeton, N.J.,
Name of publisher, distributor, etc. Princeton University Press,
Date of publication, distribution, etc. c1960.
300 ## - PHYSICAL DESCRIPTION
Pagination xv, 267 p.
Illustrations illus., diagrs., tables.
Size 22 cm.
500 ## - GENERAL NOTE
General note The author's work can be characterized as largely a translation into Persian of selected parts from al-Kāshī's Arabic text: Nuzhat al-ḥadāíq and its Samarqand recension.
504 ## - BIBLIOGRAPHY, ETC. NOTE
Bibliography, etc Bibliography: p. 251-255.
650 #0 - SUBJECT ADDED ENTRY--TOPICAL TERM
Topical term or geographic name as entry element Astronomical instruments.
9 (RLIN) 26322
700 1# - ADDED ENTRY--PERSONAL NAME
Personal name Kennedy, E. S.
Fuller form of name (Edward Stewart),
Dates associated with a name 1912-
Personal name Kāshī, Jamshīd ibn Masʻūd,
Dates associated with a name -approximately 1436.
710 2# - ADDED ENTRY--CORPORATE NAME
Corporate name or jurisdiction name as entry element Princeton University.
Subordinate unit Library.
Form subheading Mss. (Garrett, Persian, 75 <44b>)
9 (RLIN) 26325
942 ## - ADDED ENTRY ELEMENTS (KOHA)
Source of classification or shelving scheme Dewey Decimal Classification
Koha item type Books
Holdings
Lost status Source of classification or shelving scheme Damaged status Not for loan Collection code Permanent Location Current Location Shelving location Date acquired Source of acquisition Cost, normal purchase price Total Checkouts Full call number Date last seen Copy number Koha item type
  Dewey Decimal Classification   Not For Loan Non-fiction Central Library, University of Rajshahi Central Library, University of Rajshahi   28/05/1975 Goverment 7.50   522.68 PLA 1960 18/01/2014 C-1 Books